| 000 | 00690nam a22002057a 4500 | ||
|---|---|---|---|
| 005 | 20251108171940.0 | ||
| 008 | 250721s1992 xx 000 0 ara d | ||
| 082 | 1 | 4 | _aط/599/بار |
| 100 | 1 | _aباركر، برت موريس | |
| 245 | 1 | 0 | _aحيوانات نعرفها / |
| 250 | _aط6 | ||
| 264 | 1 |
_aالقاهرة : _bالجمعية المصرية لنشر المعرفة و الثقافة العالمية، _c1992. |
|
| 300 | _a35ص | ||
| 490 | 0 | _aمجموعة الكتب العلمية المبسطة ؛ 1 | |
| 650 | 1 | 7 | _aالحيوانات |
| 653 | _aناشئون صغار (10-14) سنة | ||
| 700 | 1 |
_aزكي، أحمد _eترجمة |
|
| 942 |
_2ddc _cBK |
||
| 999 |
_c66656 _d66656 |
||